000 00356nam a2200133Ia 4500
008 210210b1975 xxu||||| |||| 00| 0 eng d
082 _a351 GUPP
100 _aGUPTA (Bharat Bhushan).
245 _aProblems of Indian administration.
260 _aAllahabad
_bChugh publications
_c1975
300 _a186
690 _aPublic Administration
906 _a037793
999 _c88159
_d88159